| 000 | 00646nam a2200253Ia 4500 | ||
|---|---|---|---|
| 005 | 20250425161612.0 | ||
| 008 | 250425s9999 xx 000 0 und d | ||
| 020 | _a0835970418 | ||
| 041 | _aeng | ||
| 082 | _a621.3815 | ||
| 100 | _aPEARMAN, RICHARD A. | ||
| 245 | 0 | _aSOLID STATE INDUSTRIAL ELECTRONICS | |
| 250 | _aS.E. | ||
| 260 |
_aEstados Unidos _bRESTON PUBLISHING _c1984 |
||
| 260 | _aRESTON | ||
| 300 | _a692 | ||
| 650 | _aAMPLIFICADORES | ||
| 650 | _aDISPOSITIVOS SEMICONDUCTORES | ||
| 650 | _aELECTRONICA DEL ESTADO SOLIDO | ||
| 650 | _aELECTRONICA INDUSTRIAL | ||
| 650 | _aSENSORES | ||
| 942 | _c01 | ||
| 010 | _a24026 | ||
| 999 |
_c212378 _d212378 |
||